| 000 | 00858nam a22002292 4500 | ||
|---|---|---|---|
| 001 | 0000025321 | ||
| 005 | 20151021153130.0 | ||
| 008 | 150618s xx 000 0 eng d | ||
| 040 |
_aKABU _cKABU |
||
| 100 | 1 |
_aPembee, Peter Kiwial. _@0000185915 |
|
| 245 | 1 | 0 |
_aFactors influencing the use of library information systems by staff and students in Kabarak University / _cby Peter Kiwial Pembee. |
| 260 |
_aNakuru : _bKabarak university, _c2014. |
||
| 300 | _ax, 62 p. | ||
| 650 | 0 |
_aInformation systems _xLibraries. _@0000185916 |
|
| 650 | 0 |
_aLibraries _xAutomation _zKenya. _@0000185917 |
|
| 650 | 0 |
_aLibrary information networks. _@0000157832 |
|
| 700 | 1 |
_aKibet, Lawrence K. _@0000185918 |
|
| 700 | 1 |
_aKipchillat, Cynthia J. _@0000185919 |
|
| 908 | _a150618 | ||
| 950 | _@1 | ||
| 999 |
_c1752 _d1752 |
||